Normal view MARC view
  • Messrs. Driver

Entry Corporate Name

Number of records used in: 1

001 - CONTROL NUMBER

  • control field: 5430

003 - CONTROL NUMBER IDENTIFIER

  • control field: SIRSI

005 - DATE AND TIME OF LATEST TRANSACTION

  • control field: 20190806150243.0

008 - FIXED-LENGTH DATA ELEMENTS

  • fixed length control field: 071030n| acannaabn |n ana d

040 ## - CATALOGING SOURCE

  • Original cataloging agency: OSt
  • Transcribing agency: OSt

110 2# - HEADING--CORPORATE NAME

  • Corporate name or jurisdiction name as entry element: Messrs. Driver

670 ## - SOURCE DATA FOUND

  • Source citation: The Manor of Chertsey Boemond in the county of Surrey...belonging to His Majesty...which will be sold by auction...by Messrs. Driver in paer at the Auction Mart, London on Tuesday the 24th of June 1828 at 12 o'clock in 33 lots, and the remainder at the Swan Inn, Chertsey on Wednesday the 25th of June 1828 at 11 o'clock in 72 lots, [1828]